000 00561nam a22001937a 4500
005 20161206105714.0
010 _aENG-116255
020 _a9788120352643
_c175.00
035 _aEN-99787
037 _bDBAD/PUB
082 _a629.13435
100 _aAnvekar,Mayur R
245 _aAircraft propulsion /
_cby Mayur R. Anvekar
260 _aDelhi
_bPHI Learning
_c2016
270 _a111,Patparganj Industrial Eatate
_bDelhi
_e110092
300 _aix,480p. :
_bill
_c24cm(pbk)
500 _aIncludes index
942 _2ddc
_cEN
_h629.13435
_mANV
999 _c103303
_d103303